Методич[еское] письмо № ... по дополнительным главам анализа. № 2: Неопределенные интегралы (Запись № 13615397)

Подробности
000 -МАРКЕР
контрольное поле 01398nam2a2200241 4500
001 - ИДЕНТИФИКАТОР ЗАПИСИ
контрольное поле rc\3000820
005 - ИДЕНТИФИКАТОР ВЕРСИИ
контрольное поле 20260315063724.0
035 ## - ДРУГИЕ СИСТЕМНЫЕ НОМЕРА
Идентификатор записи (NLR Aleph) 007143960
100 ## - ДАННЫЕ ОБЩЕЙ ОБРАБОТКИ
Данные общей обработки 20110920d1936 u y0rusy50 ca
101 0# - ЯЗЫК РЕСУРСА
Язык текста, звукозаписи и т.д. русский
102 ## - СТРАНА ПУБЛИКАЦИИ ИЛИ ПРОИЗВОДСТВА
Страна публикации российская федерация
105 ## - ПОЛЕ КОДИРОВАННЫХ ДАННЫХ: ТЕКСТОВЫЕ МАТЕРИАЛЫ, МОНОГРАФИЧЕСКИЕ
Кодированные данные о монографическом текстовом документе y z |||||
200 1# - ЗАГЛАВИЕ И СВЕДЕНИЯ ОБ ОТВЕТСТВЕННОСТИ
Основное заглавие Неопределенные интегралы
Первые сведения об ответственности Сост. проф. Р.О. Кузьмин
210 ## - ПУБЛИКАЦИЯ, РАСПРОСТРАНЕНИЕ И ДР.
Дата издания, распространения и т.д. [1936]
215 ## - ФИЗИЧЕСКАЯ ХАРАКТЕРИСТИКА
Специфическое обозначение материала и объем 27 с.
461 #0 - УРОВЕНЬ НАБОРА
Встроенное поле 001rc\3000819
-- 2001#$aМетодич[еское] письмо № ... по дополнительным главам анализа$fЛенингр. гос. заоч. ун-т им. А.С. Бубнова. Сектор заоч. обуч. Курсы высшей математики и теорет. механики для инж.$v№ 2
Системный номер (АБИС) связанной записи 7083831
Автор Ленинградский заочный университет
Место публикации [Ленинград]
Дата публикации [1936]
Первые сведения об ответственности Ленингр. гос. заоч. ун-т им. А.С. Бубнова. Сектор заоч. обуч. Курсы высшей математики и теорет. механики для инж.
Имя издателя, распространителя и т.д. ЛГЗУ
Заглавие Методич[еское] письмо № ... по дополнительным главам анализа
Номер тома № 2
702 #1 - ИМЯ ЛИЦА - ВТОРИЧНАЯ ОТВЕТСТВЕННОСТЬ
Начальный элемент ввода Кузьмин
Часть имени, кроме начального элемента ввода Р.О.
Код отношения Составитель
801 #0 - ИСТОЧНИК ЗАПИСИ
Страна российская федерация
Организация NLR
Правила каталогизации psbo
801 #1 - ИСТОЧНИК ЗАПИСИ
Страна российская федерация
Организация ELAR
Источник данных rusmarc
852 ## - МЕСТОНАХОЖДЕНИЕ И ШИФР ХРАНЕНИЯ
Идентификатор организации NLR
Шифр хранения (Call Number) 36-20/12(2)
942 ## - ДОПОЛНИТЕЛЬНЫЕ ЭЛЕМЕНТЫ ЗАПИСИ (АБИС)
Тип экземпляра АБИС Неопределено
980 ## - КОЛЛЕКЦИЯ
Название коллекции Национальная библиография

Нет доступных экземпляров.